000 00740nam a2200193Ia 4500
003 GCL
005 20240530110926.0
008 140319s9999 xx 000 0 ara d
040 _aGCL /
_cGCL
082 0 4 _a349.01
_bم م
100 0 _aمصطفى احمد فؤاد
245 1 0 _aمفهوم انكار العدالة :
_bدراسة مقارنة بين الشريعة الاسلامية والقانون الدولى مع الاشارة الى اهم التطبيقات القضائية /
_cمصطفى احمد فؤاد
260 _aالاسكندرية :
_bمنشاة المعارف ،
_c1986
300 _a126 ص
650 0 4 _aالقانون
650 0 4 _aالعدالة
650 0 4 _aالقانون الدولى
942 _2ddc
_cBK
999 _c66570
_d66570